[Event "Belgrade-chT Quality"]
[Site "Belgrade"]
[Date "2012.10.14"]
[Round "2.3"]
[White "Jovanovic, Miroslav M"]
[Black "Djurovic, Slobodan"]
[Result "1/2-1/2"]
[WhiteElo "1953"]
[BlackElo "2178"]
[PlyCount "89"]
[EventDate "2012.10.13"]
[EventType "team-tourn"]
[EventRounds "11"]
[EventCountry "SRB"]
[SourceTitle "EXT 2019"]
[Source "ChessBase"]
[SourceDate "2018.10.10"]
[SourceVersion "1"]
[SourceVersionDate "2018.10.10"]
[SourceQuality "1"]

1. e4 e5 2. Nf3 Nc6 3. Bb5 g6 4. 0-0 Bg7 5. c3 d6 6. h3 Nf6 7. Qe2 0-0 8. d3 h6 9. Be3 Bd7 10. Ba4 Re8 11. Bc2 d5 12. Nbd2 Be6 13. Rad1 g5 14. Nb3 b6 15. Nh2 a5 16. Nc1 a4 17. a3 d4 18. cxd4 Nxd4 19. Bxd4 Qxd4 20. Bb1 c5 21. Ba2 b5 22. Bxe6 fxe6 23. Ng4 Nxg4 24. hxg4 b4 25. Qc2 bxa3 26. bxa3 Reb8 27. Qc4 Kf7 28. Ne2 Qb2 29. Nc3 Qxa3 30. Ra1 Qb4 31. Qxb4 Rxb4 32. Rfb1 a3 33. Na2 Rb2 34. Nc3 Rab8 35. Rxb2 axb2 36. Rb1 Rb3 37. Na4 Ra3 38. Nxb2 Rb3 39. Kf1 c4 40. dxc4 Bf8 41. c5 Bxc5 42. Rc1 Bxf2 43. Kxf2 Rxb2+ 44. Kf3 Rb3+ 45. Kf2 1/2-1/2

[Event "SRB-chT quality"]
[Site "Belgrade"]
[Date "2010.10.24"]
[Round "6"]
[White "Mladenovic, Aleksandar"]
[Black "Djurovic, Slobodan"]
[Result "1/2-1/2"]
[WhiteElo "1798"]
[BlackElo "2191"]
[PlyCount "28"]
[EventDate "2010.10.09"]
[EventType "team-tourn"]
[EventRounds "11"]
[EventCountry "YUG"]
[SourceTitle "EXT 2011"]
[Source "ChessBase"]
[SourceDate "2010.11.26"]
[SourceVersion "1"]
[SourceVersionDate "2010.11.26"]
[SourceQuality "1"]

1. d4 Nf6 2. c4 g6 3. Nc3 Bg7 4. e4 d6 5. f3 0-0 6. Be3 Nc6 7. Nge2 Re8 8. Qd2 a6 9. g4 Bxg4 10. fxg4 Nxg4 11. 0-0-0 b5 12. Ng3 Nxe3 13. Qxe3 e5 14. d5 Nd4 1/2-1/2

[Event "Belgrade Spring op"]
[Site "Belgrade"]
[Date "2007.04.02"]
[Round "8"]
[White "Djurovic, Slobodan"]
[Black "Bogavac, Milic"]
[Result "1-0"]
[WhiteElo "2199"]
[BlackElo "1876"]
[PlyCount "57"]
[EventDate "2007.03.26"]
[EventType "swiss"]
[EventRounds "9"]
[EventCountry "YUG"]
[SourceTitle "CBM 117 Extra"]
[Source "ChessBase"]
[SourceDate "2007.05.09"]
[SourceVersion "1"]
[SourceVersionDate "2007.05.09"]
[SourceQuality "1"]

1. e4 e5 2. Nf3 Nc6 3. Nc3 Nf6 4. Bb5 d6 5. d4 exd4 6. Nxd4 Bd7 7. Bg5 Be7 8. Nf5 0-0 9. Nxe7+ Qxe7 10. 0-0 Qe6 11. Re1 Ne5 12. f4 Nc6 13. Nd5 Ne8 14. f5 Qe5 15. c3 g6 16. Bh6 a6 17. Ba4 b5 18. Bc2 Ne7 19. Bf4 Qh8 20. Nxe7+ Kg7 21. e5 f6 22. e6 Bc8 23. fxg6 h5 24. Nf5+ Kxg6 25. Qf3 Bxe6 26. Nxd6+ Kg7 27. Qg3+ Bg4 28. Re7+ Kg8 29. Bb3+ 1-0